|
|
|
|
| LEADER |
00000nab a2200000 a 4500 |
| 001 |
vtls001497047 |
| 003 |
SK-MaSNL |
| 005 |
20260304055143.0 |
| 008 |
160321c20050204xo dr|n|||||||000 b|slo |
| 015 |
|
|
|a SNBRB2005/02
|2 snkbucl
|
| 040 |
|
|
|a SNKBUCL
|b slo
|c SNKBUCL
|e AACR2
|
| 041 |
0 |
|
|a slo
|
| 044 |
|
|
|a xo
|c SK
|
| 080 |
|
|
|a 32-051
|2 UDC-MRF-SK2
|
| 080 |
|
|
|a 328.1
|x (479.22)
|2 UDC-MRF-SK2
|
| 080 |
|
|
|a 929 Žvanija, Zurab
|2 UDC-MRF-SK2
|
| 100 |
1 |
|
|a Tóda, Mirek,
|d 1980-
|4 aut
|9 20058
|
| 245 |
1 |
0 |
|a Gruzínskeho premiéra otrávili kachle
|b smrť Zuraba Žvaniju môže podľa
|
| 300 |
|
|
|b Fotogr.
|
| 600 |
1 |
7 |
|a Žvanija, Zurab
|2 snkbucl
|9 1340879
|
| 610 |
1 |
7 |
|a Gruzínsko
|b Predseda vlády (2004- : Žvanija)
|2 snkbucl
|9 1340880
|
| 651 |
|
7 |
|a Gruzínsko
|2 snkbucl
|9 19844
|
| 773 |
0 |
|
|t Sme
|g Roč. 13, č. 28 (4.2.2005), s. 9
|x 1335-440X
|
| 852 |
|
|
|a SNK
|b KIS3GCP
|
| 958 |
|
|
|a GE
|
| 958 |
|
|
|a BC
|
| 999 |
|
|
|c 2722653
|d 2724583
|